1805 1868 1881 1912 1897 1723 1928 1841 1622 1598 1277 1221 1671 1170 1007 1669 1059 1170 1422 1519 1526 1260 1927 1991 1884 1155 1773 1201 1976 1130 1035 1797 1336 1034 1048 1077 1795 1028 1439 1270 1607 1484 1802 1823 1057 1761 1753 1188 1524 1849 1776 1146 1263 1292 1194 1025 1988 1180 1195 1566 1956 1346 1884 1799 1756 1980 1572 1103 1301 1538 1959 1296 1073 1736 1479 1521 1629 1144 1400 1920 1590 1688 1026 1999 1187 1823 1100 1091 1596 1441 1128 1510 1828 1269 1597 1384 1088 1349 1864 BCNSPRNW ULIB Ver.6.0+V

เปลี่ยนเป็นภาษาไทย

Change to English
 แสดงรายละเอียดบรรณานุกรม
  กลับหน้าหลัก

Brief Record : Get Marc (ISO 2709) : E-mail record : QR code < ปิดหน้าต่าง
LEADER : 00000nam 2200000uu 4500
001    13399114703
003     ULIB
008    020711s2550 th a 000 0 tha d
099    ^aวจ.HM 132 จ533ค
100    ^aจิรพร จันทรมณี, สุภาเพ็ญ ปาณะวัฒนพิสุทธิ์ และนภัสวรรณ บุญประเสริฐ
245    ^aความพึงพอใจของบุคลากรต่อระบบการบริหารของวิทยาลัยพยาบาลบรมราชชนนี สวรรค์ประชารักษ์ นครสวรรค์
260    ^aนครสวรรค์ :^bวิทยาลัยพยาบาลบรมราชชนนี สวรรค์ประชารักษ์ นครสวรรค์,^c2550
300    ^a73 หน้า;^b29 ซม.
650    การบริหาร^xวิจัย
945    ^p0^l0^i031719
995    เกษร
999 ^a ใช้งานได้ทุกระบบ
รายการนี้ยังไม่มีแท็ก
คุณยังไม่ได้ล็อกอิน คุณสามารถมีกิจกรรมร่วมกับเว็บไซต์ได้ แต่ต้องล็อกอินก่อน ::
  ล็อกอิน

รายการสื่อสารสนเทศ

ลำดับที่ ประเภท เลขเรียก/บาร์โค้ด สถานที่ สถานะ
1. งานวิจัย
งานวิจัย
วจ.HM 132 จ533ค ฉ.1 
  Barcode: 031719
ห้องสมุดวิทยาเขตสวรรค์ประชารักษ์
►วิจัย
บนชั้น

รายการใกล้เคียง
    ชื่อเรื่อง [ความพึงพอใจของบุคลากรต่อระบบการบริหารของวิทยาลัยพยาบาลบรมราชชนนี สวรรค์ประชารักษ์ นครสวรรค์]

BibComment


ยังไม่เคยถูกคอมเมนท์

คอมเมนท์ทรัพยากรรายการนี้
  คอมเมนท์: ความพึงพอใจของบุ..


 Copyright 2026. Bcnsprnw @Library